| 000 | 00724cam a22001814a 4500 | ||
|---|---|---|---|
| 005 | 20250605164349.0 | ||
| 008 | 250528s ||||||||||||||||||||||||d | ||
| 035 | _a24052 | ||
| 040 |
_aGR-AtMCL _bgre _dGR-AtMCL _eAACR2 |
||
| 245 | 1 | _aBrake Through / Bugatti Builds High-Performance Components with SLM Solutions | |
| 260 | _c2019 | ||
| 300 | _a50 | ||
| 520 | _aBrake-Through, Open Road and Closed Shop, Driving the Drive, Winning the Manufacturing Race, News, Poise Means Prizes, 3D Printing's Breakout Season, Additive Goes to the Ball, 3D Printing Film Footage, Future of Am in the UK, Preview, TCT Summit, The Next Level. | ||
| 700 | 1 |
_aGriffiths Laura _99377 |
|
| 942 | _cCR | ||
| 999 |
_c8952 _d8952 |
||